[Event "XII Festival Magistrale"]
[Site "Celle Ligure ITA"]
[Date "1997.03.??"]
[Round "2"]
[White "Tabernig, Bernhard"]
[Black "Guido, Flavio"]
[WhiteElo "2275"]
[BlackElo "2300"]
[Result "1-0"]
[PlyCount "89"]
[EventDate "1997.03.22"]

1. d4 f5 2. g3 Nf6 3. Bg2 g6 4. Nf3 Bg7 5. O-O O-O 6. b4 d6 7. Bb2 e5 8. dxe5
Ng4 9. h3 Nxe5 10. Qd5+ Nf7 11. Bxg7 Kxg7 12. Nbd2 Re8 13. e4 c6 14. Qd4+ Qf6
15. Rae1 Ne5 16. exf5 gxf5 17. Nh4 Rd8 18. f4 Nf7 19. Nb3 Na6 20. b5 cxb5 21.
Re7 Nc5 22. Bd5 Rf8 23. Rd1 Bd7 24. Qxf6+ Kxf6 25. Rxf7+ Rxf7 26. Bxf7 Ne4 27.
Bd5 Nxg3 28. Bxb7 Rg8 29. Kf2 Nh5 30. Rxd6+ Ke7 31. Rd4 Rg3 32. Nc5 Be6 33.
Nxe6 Kxe6 34. Bc8+ Kf6 35. Bxf5 Ra3 36. Bg4 Ng7 37. Rd6+ Ke7 38. Rd7+ Kf6 39.
Rd5 b4 40. Nf5 Nxf5 41. Rxf5+ Kg7 42. Rb5 Rxa2 43. Rxb4 Rxc2+ 44. Kg3 Rc7 45.
Ra4 1-0

[Event "XII Festival Magistrale"]
[Site "Celle Ligure ITA"]
[Date "1997.03.??"]
[Round "2"]
[White "Vismara, Daniele"]
[Black "Di Paolo, Raffaele"]
[WhiteElo "2205"]
[BlackElo "2265"]
[Result "1/2-1/2"]
[PlyCount "110"]
[EventDate "1997.03.22"]

1. e4 c5 2. c3 e6 3. d4 d5 4. exd5 exd5 5. Nf3 Bd6 6. dxc5 Bxc5 7. Bb5+ Nc6 8.
O-O Nge7 9. Nbd2 O-O 10. Nb3 Bd6 11. Bd3 Bf5 12. Nbd4 Bg6 13. Re1 Qd7 14. Bxg6
Nxg6 15. Qd3 Rae8 16. Be3 Re4 17. Rad1 Nce5 18. Nxe5 Nxe5 19. Qb5 Rxd4 20. Qxd7
Rxd1 21. Rxd1 Nxd7 22. Rxd5 Bxh2+ 23. Kxh2 Nf6 24. Rd4 h5 25. f3 Re8 26. Bg5
Nh7 27. Rd8 Rxd8 28. Bxd8 Kf8 29. Kg3 Ke8 30. Bc7 Kd7 31. Be5 f6 32. Bb8 a6 33.
Kf4 Ke8 34. Ke4 Ng5+ 35. Kd4 Kd7 36. Kd5 Ne6 37. c4 Nd8 38. b4 g5 39. a4 Nc6
40. Bd6 a5 41. bxa5 Nxa5 42. Bb4 Nc6 43. Bc3 f5 44. Bd2 g4 45. Bg5 Ne7+ 46. Ke5
h4 47. Be3 h3 48. gxh3 gxh3 49. Bg1 Nc6+ 50. Kxf5 Na5 51. Kg4 Nxc4 52. Kxh3 Ke6
53. Kg4 Ne5+ 54. Kf4 b6 55. Ke4 Nxf3 1/2-1/2

[Event "XII Festival Magistrale"]
[Site "Celle Ligure ITA"]
[Date "1997.03.??"]
[Round "2"]
[White "Vujovic, Milorad"]
[Black "Skembris, Spyridon"]
[WhiteElo "2255"]
[BlackElo "2450"]
[Result "0-1"]
[PlyCount "136"]
[EventDate "1997.03.22"]

1. e4 e5 2. Nf3 Nc6 3. Bb5 a6 4. Ba4 Nf6 5. O-O Be7 6. Re1 b5 7. Bb3 d6 8. c3
O-O 9. h3 Na5 10. Bc2 c5 11. d4 Nd7 12. a4 b4 13. Nbd2 Rb8 14. Nf1 b3 15. Bd3
c4 16. Be2 Qc7 17. Ne3 Nb6 18. Bf1 Rd8 19. d5 Bd7 20. Nd2 Bg5 21. Qh5 f6 22.
Qf3 Bxe3 23. Rxe3 Nxa4 24. Qh5 Rf8 25. g4 Bb5 26. h4 Nc5 27. g5 f5 28. exf5
Rxf5 29. Bh3 Rf4 30. Nf1 Nab7 31. g6 hxg6 32. Qg5 Bd7 33. h5 gxh5 34. Qxh5 Rbf8
35. Rg3 Be8 36. Qg5 R4f6 37. Qh4 Qf7 38. Qxc4 Bb5 39. Qh4 Bxf1 40. Bxf1 Rxf2
41. Bg2 Rf1+ 42. Kh2 Rf5 43. Rh3 Qg6 44. Be3 Rf4 45. Bxf4 Rxf4 46. Qh8+ Kf7 47.
Bf3 Qc2+ 48. Kh1 Ke7 49. Qxg7+ Rf7 50. Qg5+ Kd7 51. Qg8 Re7 52. Rh2 Qd3 53.
Qg4+ Kc7 54. Rd1 Qe3 55. Bg2 Nd3 56. Rf1 Nf2+ 57. Rxf2 Qxf2 58. Rh8 Qxb2 59.
Qc4+ Nc5 60. Qf1 Qc2 61. Bh3 Qe4+ 62. Kh2 Qf4+ 63. Qxf4 exf4 64. Rc8+ Kb7 65.
Rf8 Re2+ 66. Kg1 b2 67. Bc8+ Kc7 68. Bf5 Ne4 0-1

[Event "XII Festival Magistrale"]
[Site "Celle Ligure ITA"]
[Date "1997.03.??"]
[Round "3"]
[White "Egartner, Wolfgang"]
[Black "Fuggetta, Leonardo"]
[WhiteElo "2185"]
[BlackElo "2070"]
[Result "1-0"]
[PlyCount "143"]
[EventDate "1997.03.22"]

1. c4 g6 2. g3 Bg7 3. Bg2 e5 4. Nc3 Ne7 5. d3 d6 6. Nf3 O-O 7. O-O h6 8. Bd2
Nbc6 9. Rb1 Be6 10. b4 Qd7 11. b5 Nd8 12. Qc1 Kh7 13. Rd1 f5 14. Ne1 g5 15. f4
gxf4 16. gxf4 exf4 17. Nd5 Bxd5 18. cxd5 Ng6 19. Bxf4 Nxf4 20. Qxf4 Bf6 21. Kh1
Bg5 22. Qf2 Qe7 23. Nc2 Nf7 24. Qxf5+ Kh8 25. Qe6 Rae8 26. Qxe7 Rxe7 27. e4 Ne5
28. Rf1 Ref7 29. Rxf7 Rxf7 30. Rf1 Kg7 31. Rxf7+ Kxf7 32. Bf1 Ke7 33. Nd4 Bd2
34. Kg2 Bc3 35. Nf5+ Kf6 36. Nxh6 Bd2 37. Nf5 Ng4 38. Nd4 Ne3+ 39. Kf2 Ng4+ 40.
Kg3 Ne3 41. Be2 Bc3 42. Nf3 Nc2 43. a4 Nd4 44. Nxd4 Bxd4 45. Bg4 Be5+ 46. Kg2
Kg5 47. Bc8 b6 48. h3 Kf4 49. h4 Bf6 50. Kh3 Be5 51. Bd7 Bf6 52. Be8 Be5 53.
Bf7 Bd4 54. h5 Kg5 55. Kg3 Be5+ 56. Kf3 Bd4 57. Be8 Bc5 58. Ke2 Bd4 59. Kd2 Kh6
60. Kc2 Kg5 61. Kb3 Bg7 62. Kc4 Kf4 63. Bg6 Ke5 64. d4+ Kf4 65. Kd3 Bh6 66. Kc4
Bg7 67. e5 dxe5 68. d6 cxd6 69. Kd5 exd4 70. Kxd6 Kg5 71. Kc7 d3 72. Bxd3 1-0

[Event "XII Festival Magistrale"]
[Site "Celle Ligure ITA"]
[Date "1997.03.??"]
[Round "3"]
[White "Guido, Flavio"]
[Black "Vismara, Daniele"]
[WhiteElo "2300"]
[BlackElo "2205"]
[Result "1-0"]
[PlyCount "77"]
[EventDate "1997.03.22"]

1. e4 e6 2. d4 d5 3. e5 c5 4. c3 Qb6 5. Nf3 Bd7 6. Be2 cxd4 7. cxd4 Bb5 8. Nc3
Bb4 9. O-O Bxc3 10. bxc3 Bxe2 11. Qxe2 Qa6 12. Qxa6 Nxa6 13. Rb1 b6 14. a4 Ne7
15. a5 bxa5 16. Rb7 h6 17. Ba3 Nc6 18. Bd6 Rd8 19. Rfb1 g6 20. h4 Rh7 21. Nh2
h5 22. Nf3 Rd7 23. Ng5 Rg7 24. R1b5 a4 25. Kf1 Kd8 26. Bf8 Rg8 27. Nxf7+ Rxf7
28. Rxf7 Ke8 29. Rf6 Rxf8 30. Rxe6+ Kd7 31. Rd6+ Kc7 32. Rdxd5 a3 33. Rb3 a2
34. Ra3 Nab8 35. Rxa2 Nd7 36. Rd6 Rg8 37. f4 Rf8 38. g3 Nb6 39. Ke2 1-0

[Event "XII Festival Magistrale"]
[Site "Celle Ligure ITA"]
[Date "1997.03.??"]
[Round "3"]
[White "Lanzani, Mario"]
[Black "Sulava, Nenad"]
[WhiteElo "2370"]
[BlackElo "2380"]
[Result "1/2-1/2"]
[PlyCount "24"]
[EventDate "1997.03.22"]

1. e4 e6 2. d4 d5 3. Nc3 dxe4 4. Nxe4 Bd7 5. Nf3 Bc6 6. Bd3 Bxe4 7. Bxe4 c6 8.
O-O Nf6 9. Bd3 Nbd7 10. Qe2 g6 11. c3 Bg7 12. Bf4 O-O 1/2-1/2

[Event "XII Festival Magistrale"]
[Site "Celle Ligure ITA"]
[Date "1997.03.??"]
[Round "3"]
[White "Ljubisavljevic, Zivojin Z."]
[Black "Lenz, Alarich"]
[WhiteElo "2275"]
[BlackElo "2195"]
[Result "0-1"]
[PlyCount "98"]
[EventDate "1997.03.22"]

1. e4 e6 2. d4 d5 3. exd5 exd5 4. Bd3 Nc6 5. c3 Bd6 6. Ne2 Nge7 7. Bf4 Bg4 8.
f3 Bh5 9. O-O Bg6 10. Bxd6 Qxd6 11. f4 Bxd3 12. Qxd3 O-O-O 13. Nd2 g6 14. b4
Rde8 15. a4 Nf5 16. Ng3 Re3 17. Nxf5 Rxd3 18. Nxd6+ cxd6 19. Nb1 Re8 20. Ra2 f5
21. Kf2 Re4 22. g3 Nb8 23. Re2 Nd7 24. Rxe4 dxe4 25. Ke2 Nb6 26. a5 Nd5 27. Rc1
Re3+ 28. Kd2 Rf3 29. Re1 h5 30. b5 Rd3+ 31. Kc2 h4 32. Rg1 Rf3 33. Kb3 Rf2 34.
gxh4 Nxf4 35. h5 Nxh5 36. Rxg6 e3 37. Na3 e2 38. Nc2 f4 39. Rg8+ Kc7 40. Ra8
Rf1 41. Rxa7 Kb8 42. b6 f3 43. Kc4 Rb1 44. Nb4 Rxb4+ 45. cxb4 e1=Q 46. a6 Qe2+
47. Kb3 Qd3+ 48. Ka4 Qxa6+ 49. Rxa6 bxa6 0-1

[Event "XII Festival Magistrale"]
[Site "Celle Ligure ITA"]
[Date "1997.03.??"]
[Round "3"]
[White "Podini, Francesco"]
[Black "Jovanic, Ognjen"]
[WhiteElo "2010"]
[BlackElo "2260"]
[Result "1-0"]
[PlyCount "51"]
[EventDate "1997.03.22"]

1. c4 Nf6 2. Nc3 g6 3. e4 d6 4. g3 Bg7 5. Bg2 O-O 6. Nge2 e5 7. O-O c6 8. h3
Na6 9. d3 Ne8 10. Be3 f5 11. exf5 Bxf5 12. Qd2 Nac7 13. d4 Qe7 14. g4 Be6 15.
d5 Bd7 16. dxc6 bxc6 17. Rad1 Rd8 18. Ne4 Be6 19. b3 c5 20. Nxc5 Nf6 21. Nb7
Rd7 22. Bc6 Rb8 23. Bxd7 Nxd7 24. Qxd6 Qh4 25. Qxc7 Qxh3 26. Rxd7 1-0

[Event "XII Festival Magistrale"]
[Site "Celle Ligure ITA"]
[Date "1997.03.??"]
[Round "3"]
[White "Quagliarella, Sabino Remo"]
[Black "Lovric, Branko"]
[WhiteElo "1934"]
[BlackElo "2370"]
[Result "0-1"]
[PlyCount "98"]
[EventDate "1997.03.22"]

1. d4 e6 2. Nf3 Nf6 3. Bf4 c5 4. e3 Qb6 5. Qc1 Nc6 6. c3 d5 7. Be2 Bd7 8. Nbd2
Rc8 9. Qd1 cxd4 10. exd4 Nh5 11. Be3 Qc7 12. g3 Bd6 13. Ne5 Bxe5 14. Bxh5 Bd6
15. f4 Ne7 16. O-O Bb5 17. Re1 g6 18. Bf3 h5 19. Be2 Bxe2 20. Rxe2 h4 21. Nf1
hxg3 22. hxg3 Kf8 23. Qd3 Kg7 24. Rg2 Rh3 25. Rh2 Rch8 26. Rxh3 Rxh3 27. Kg2
Rh7 28. Nh2 Nf5 29. Bf2 Be7 30. Nf3 Nd6 31. Rh1 Rxh1 32. Kxh1 Ne4 33. Kg2 Qa5
34. a3 Qb6 35. Qe2 Qb3 36. Be3 Qa2 37. Bc1 Nxc3 38. Qe5+ Bf6 39. Qe3 Ne4 40.
Nd2 Nxd2 41. Qxd2 Qc4 42. f5 exf5 43. Qh6+ Kg8 44. Qe3 Qc2+ 45. Kh3 Qe4 46.
Qxe4 fxe4 47. Be3 Bd8 48. Bf4 g5 49. Be5 f6 0-1

[Event "XII Festival Magistrale"]
[Site "Celle Ligure ITA"]
[Date "1997.03.??"]
[Round "3"]
[White "Rosin, Federico"]
[Black "Astengo, Marcello"]
[WhiteElo "1884"]
[BlackElo "2065"]
[Result "1-0"]
[PlyCount "75"]
[EventDate "1997.03.22"]

1. d4 d5 2. Nf3 Nf6 3. Bf4 c5 4. c3 Qb6 5. Qc2 Nc6 6. e3 cxd4 7. exd4 Bf5 8.
Qb3 Qxb3 9. axb3 Nh5 10. Bg3 f6 11. Kd2 e5 12. dxe5 Nxg3 13. hxg3 fxe5 14. Bb5
e4 15. Nd4 Bd7 16. Rh5 Ne7 17. Na3 g6 18. Rh4 Nc6 19. Nac2 Be7 20. Rhh1 Bg5+
21. Ke2 O-O 22. Bxc6 bxc6 23. b4 Rfb8 24. Ra2 Bg4+ 25. f3 Bd7 26. Rha1 Rb7 27.
b3 Bd8 28. Ra6 Bb6 29. f4 c5 30. bxc5 Bxc5 31. b4 Bb6 32. Kd2 Rc8 33. R6a3 Rc4
34. Ne3 Rc8 35. Nxd5 Bxd4 36. Ne7+ Kf7 37. Nxc8 Bxc3+ 38. Rxc3 1-0

[Event "XII Festival Magistrale"]
[Site "Celle Ligure ITA"]
[Date "1997.03.??"]
[Round "3"]
[White "Tortarolo, Massimiliano"]
[Black "Cirabisi, Federico"]
[WhiteElo "2260"]
[BlackElo "2125"]
[Result "1-0"]
[PlyCount "77"]
[EventDate "1997.03.22"]

1. e4 c5 2. Nf3 Nc6 3. d4 cxd4 4. Nxd4 g6 5. c4 Bg7 6. Be3 Nf6 7. Nc3 Ng4 8.
Qxg4 Nxd4 9. Qd1 e5 10. Bd3 O-O 11. O-O d6 12. Qd2 Be6 13. Rad1 Rc8 14. b3 f5
15. f3 f4 16. Bxd4 exd4 17. Ne2 Qg5 18. Bb1 Bh3 19. Rf2 Bd7 20. Nxd4 Qh4 21.
Ne2 Be5 22. Qd5+ Rf7 23. b4 Bc6 24. Qd3 g5 25. Nd4 g4 26. fxg4 f3 27. gxf3 Kh8
28. Nf5 Rxf5 29. exf5 Rg8 30. b5 Bxf3 31. Qxf3 Rxg4+ 32. Kf1 Rf4 33. Qe3 Rxc4
34. f6 Qh5 35. Qf3 Qh6 36. f7 Rf4 37. Qg2 Rxf2+ 38. Qxf2 Qh3+ 39. Qg2 1-0

[Event "XII Festival Magistrale"]
[Site "Celle Ligure ITA"]
[Date "1997.03.??"]
[Round "3"]
[White "Zoldan, Matteo"]
[Black "Lovati, Paolo"]
[WhiteElo "2155"]
[BlackElo "1981"]
[Result "1-0"]
[PlyCount "81"]
[EventDate "1997.03.22"]

1. c4 Nf6 2. Nc3 e5 3. g3 c6 4. Bg2 g6 5. e4 Bg7 6. Nge2 O-O 7. O-O a5 8. h3
Na6 9. d3 d6 10. f4 b5 11. Be3 Rb8 12. Qd2 bxc4 13. dxc4 Be6 14. b3 exf4 15.
gxf4 Qc8 16. f5 gxf5 17. Bh6 Ne8 18. Qg5 f6 19. Qh5 Bf7 20. Qh4 Nc5 21. exf5 a4
22. Nd4 Bxh6 23. Qxh6 Ng7 24. Nxc6 Rb7 25. Nd4 axb3 26. axb3 Nxb3 27. Bxb7 Qc5
28. Rf4 Nxd4 29. Ne4 Ngxf5 30. Nxc5 Nxh6 31. Nd7 Rd8 32. Nxf6+ Kh8 33. Nd5 Ne6
34. Rf6 Kg7 35. Raf1 Nc5 36. Bc6 Bg6 37. Ra1 Bf7 38. Ra7 Rf8 39. Rxd6 Nf5 40.
Rf6 Nd4 41. Be8 1-0

[Event "XII Festival Magistrale"]
[Site "Celle Ligure ITA"]
[Date "1997.03.??"]
[Round "3"]
[White "Zsifkovits, Robert"]
[Black "Duarte, Riccardo"]
[WhiteElo "2170"]
[BlackElo "2010"]
[Result "1-0"]
[PlyCount "95"]
[EventDate "1997.03.22"]

1. d4 d5 2. e4 dxe4 3. Nc3 Bf5 4. f3 exf3 5. Qxf3 Qc8 6. Bc4 e6 7. Nge2 c6 8.
O-O Nf6 9. h3 Bxc2 10. g4 h6 11. h4 Qd7 12. Bf4 Bd6 13. Rac1 Bg6 14. h5 Bxf4
15. Nxf4 Qxd4+ 16. Kh2 Be4 17. Nxe4 Qxe4 18. Qg3 Qe3 19. Qg2 Qe4 20. Qg3 Qe5
21. Rce1 Qc7 22. Bxe6 O-O 23. Bb3 Nh7 24. Ng6 Qxg3+ 25. Kxg3 Nd7 26. Ne7+ Kh8
27. Bxf7 Nhf6 28. Ng6+ Kh7 29. Nxf8+ Rxf8 30. Re7 Kh8 31. Kh4 a5 32. Rf5 b6 33.
a3 Nc5 34. Be8 Nd3 35. Bxc6 Nxb2 36. Bb5 Rd8 37. Be2 Nd3 38. Rb7 Rd6 39. Bxd3
Rxd3 40. Rxb6 Rxa3 41. Rf4 Re3 42. Rb8+ Kh7 43. Rb7 Kg8 44. Rc4 Re5 45. Ra7 Ne4
46. Rcc7 Nf6 47. Rxg7+ Kh8 48. Rg6 1-0

[Event "XII Festival Magistrale"]
[Site "Celle Ligure ITA"]
[Date "1997.03.??"]
[Round "4"]
[White "Astengo, Marcello"]
[Black "Zoldan, Matteo"]
[WhiteElo "2065"]
[BlackElo "2155"]
[Result "1-0"]
[PlyCount "91"]
[EventDate "1997.03.22"]

1. d4 Nf6 2. c4 g6 3. d5 Bg7 4. Nc3 O-O 5. e4 d6 6. Bd3 e5 7. Bg5 Na6 8. Qd2
Qe8 9. Nge2 Nh5 10. f3 f5 11. exf5 gxf5 12. O-O-O Nc5 13. Bb1 Kh8 14. b4 Na4
15. Nb5 Rf7 16. g4 a6 17. gxh5 axb5 18. h6 Bf6 19. Rhg1 Qe7 20. Nd4 f4 21. h4
Bd7 22. Rde1 Nb6 23. cxb5 Nc4 24. Qd3 Ne3 25. Nc2 Bf5 26. Qb3 Bxc2 27. Bxc2 Rc8
28. Kb1 c6 29. bxc6 bxc6 30. dxc6 Rxc6 31. Be4 Ra6 32. a4 Ra7 33. b5 d5 34. Bd3
Qd6 35. Rxe3 fxe3 36. Bxe3 d4 37. Bd2 Rab7 38. a5 Qc5 39. Rc1 Qd6 40. Bb4 Qb8
41. a6 Rbc7 42. Rxc7 Rxc7 43. Qe6 Qd8 44. b6 Rc3 45. b7 Bg5 46. Qxe5+ 1-0

[Event "XII Festival Magistrale"]
[Site "Celle Ligure ITA"]
[Date "1997.03.??"]
[Round "4"]
[White "Bonugli, Carlo"]
[Black "Hamberger, Hermann"]
[WhiteElo "2075"]
[BlackElo "2205"]
[Result "1/2-1/2"]
[PlyCount "52"]
[EventDate "1997.03.22"]

1. e4 c5 2. Nc3 Nc6 3. g3 g6 4. Bg2 Bg7 5. d3 d6 6. f4 e6 7. Nf3 Nge7 8. O-O
O-O 9. Be3 Nd4 10. Rb1 Rb8 11. Ne2 Nxf3+ 12. Bxf3 b6 13. d4 Bb7 14. Bg2 f5 15.
e5 Bxg2 16. Kxg2 cxd4 17. Nxd4 Qd7 18. exd6 Qxd6 19. Nf3 Qc6 20. Kg1 Rbd8 21.
Qe2 Rfe8 22. c3 Qe4 23. Rbe1 Nc6 24. Bf2 Qxe2 25. Rxe2 e5 26. fxe5 Nxe5 1/2-1/2

[Event "XII Festival Magistrale"]
[Site "Celle Ligure ITA"]
[Date "1997.03.??"]
[Round "4"]
[White "Cordara, Michele"]
[Black "Ljubisavljevic, Zivojin Z."]
[WhiteElo "2195"]
[BlackElo "2275"]
[Result "1-0"]
[PlyCount "137"]
[EventDate "1997.03.22"]

1. c4 c5 2. Nc3 Nc6 3. g3 g6 4. Bg2 Bg7 5. Nf3 e5 6. d3 d6 7. O-O Nge7 8. Rb1
O-O 9. a3 a5 10. Ne1 f5 11. Nc2 Kh8 12. b4 axb4 13. axb4 cxb4 14. Nxb4 e4 15.
Nbd5 Ne5 16. Nxe7 Qxe7 17. Nd5 Qf7 18. Qb3 Nd7 19. Bf4 Ra6 20. Qc2 Nc5 21. Rb6
Rd8 22. Rfb1 Be6 23. dxe4 fxe4 24. Ne3 h6 25. h4 Bf5 26. Qd2 Kh7 27. Rxa6 bxa6
28. Rb6 Bf8 29. Nxf5 gxf5 30. Bh3 Kg6 31. Qb4 Ne6 32. Bxd6 a5 33. Qa3 Qa7 34.
c5 Rxd6 35. Rxd6 Bxd6 36. cxd6 a4 37. h5+ Kf6 38. e3 Qc5 39. Qa1+ Qe5 40. Qxa4
Qxd6 41. Qe8 Qf8 42. Qg6+ Ke5 43. Bf1 Qg7 44. Qe8 Qf8 45. Qb5+ Qc5 46. Qb2+ Kd5
47. Qf6 Qf8 48. Bc4+ Kxc4 49. Qxe6+ Kd3 50. Kg2 Kc2 51. Qc4+ Kd2 52. Kf1 Kd1
53. Qd5+ Kc2 54. Kg2 Qf6 55. g4 fxg4 56. Qxe4+ Kb3 57. Qxg4 Qf8 58. Kg3 Kc3 59.
Qd4+ Kb3 60. f4 Qf5 61. Qb6+ Kc3 62. Qxh6 Kd2 63. Qd6+ Ke2 64. Qe5 Qb1 65. Kg4
Kf2 66. e4 Qd1+ 67. Kg5 Kf3 68. h6 Qg1+ 69. Kf6 1-0

[Event "XII Festival Magistrale"]
[Site "Celle Ligure ITA"]
[Date "1997.03.??"]
[Round "4"]
[White "Duarte, Riccardo"]
[Black "Cirabisi, Federico"]
[WhiteElo "2010"]
[BlackElo "2125"]
[Result "1-0"]
[PlyCount "133"]
[EventDate "1997.03.22"]

1. e4 Nf6 2. Nc3 d5 3. e5 Ne4 4. Nxe4 dxe4 5. d4 Bf5 6. Ne2 e6 7. Ng3 Be7 8.
Bc4 O-O 9. O-O Nd7 10. c3 c5 11. Re1 cxd4 12. cxd4 Qc7 13. Bb3 Rad8 14. Qc2 Qb6
15. Be3 Rc8 16. Qe2 Qb4 17. Nxf5 exf5 18. e6 Nf6 19. exf7+ Kh8 20. Rac1 Rcd8
21. Rc4 Qd6 22. Rc5 f4 23. Bc1 Qxd4 24. Rc7 Qe5 25. Rxb7 Bd6 26. Qb5 Bc5 27.
Qe2 Qf5 28. h3 f3 29. g4 Qc8 30. Qa6 Rd6 31. Qb5 Nxg4 32. Rb8 Bxf2+ 33. Kf1
Qxb8 34. Qxb8 Rxb8 35. Rxe4 Nf6 36. Re8+ Rxe8 37. fxe8=Q+ Nxe8 38. Kxf2 Rf6 39.
Be3 Nd6 40. Bd5 Nf5 41. Bxa7 Rd6 42. Be4 Rd2+ 43. Kxf3 Nd6 44. Bc6 Rxb2 45. a4
h6 46. Bd4 Rb3+ 47. Kg2 Nf5 48. Bf2 Ne3+ 49. Kg1 Rc3 50. Bd7 Nc4 51. Bb5 Nd6
52. Bd7 Ne4 53. Bb6 Nc5 54. Bb5 Nxa4 55. Bxa4 Rxh3 56. Bc2 Rc3 57. Be4 Rc4 58.
Bd5 Rb4 59. Bf2 g5 60. Bg3 Kg7 61. Bc6 Kf7 62. Bd5+ Kf6 63. Bc7 Kf5 64. Kg2 h5
65. Bc6 Rd4 66. Bb7 Kg4 67. Bc8+ 1-0

[Event "XII Festival Magistrale"]
[Site "Celle Ligure ITA"]
[Date "1997.03.??"]
[Round "4"]
[White "Fuggetta, Leonardo"]
[Black "Jovanic, Ognjen"]
[WhiteElo "2070"]
[BlackElo "2260"]
[Result "0-1"]
[PlyCount "71"]
[EventDate "1997.03.22"]

1. Nf3 Nf6 2. g3 g6 3. Bg2 Bg7 4. O-O O-O 5. d4 d6 6. Nc3 Nbd7 7. e4 e5 8. h3
c6 9. a4 Qc7 10. a5 Re8 11. Re1 Nf8 12. Be3 exd4 13. Nxd4 Ne6 14. a6 Nxd4 15.
Bxd4 bxa6 16. Qf3 Re6 17. h4 Nd7 18. Bxg7 Kxg7 19. Ne2 Re7 20. Qc3+ Nf6 21. Nd4
Bb7 22. e5 dxe5 23. Nxc6 Bxc6 24. Qxc6 Rb8 25. b3 Qxc6 26. Bxc6 Rb6 27. Be4 Rc7
28. Bd3 e4 29. Bc4 Rc5 30. Re2 a5 31. c3 h5 32. Rea2 Ng4 33. Rxa5 Rxa5 34. Rxa5
Rf6 35. Ra2 Rf3 36. Rc2 $138 0-1

[Event "XII Festival Magistrale"]
[Site "Celle Ligure ITA"]
[Date "1997.03.??"]
[Round "4"]
[White "Lenz, Alarich"]
[Black "Skembris, Spyridon"]
[WhiteElo "2195"]
[BlackElo "2450"]
[Result "0-1"]
[PlyCount "76"]
[EventDate "1997.03.22"]

1. c4 e5 2. g3 Nf6 3. Bg2 d5 4. cxd5 Nxd5 5. Nc3 Nb6 6. Nf3 Nc6 7. O-O Be7 8.
d3 O-O 9. a4 a5 10. Be3 Be6 11. Ne4 Nd4 12. Bxd4 exd4 13. Rc1 Re8 14. Nc5 Bd5
15. Ne1 Bxc5 16. Rxc5 Bxg2 17. Nxg2 Qe7 18. Qc1 c6 19. Nf4 Qd6 20. b3 Nd7 21.
Rc2 Re5 22. Qb2 Rae8 23. Rb1 c5 24. Qc1 b6 25. Qf1 Nf6 26. Qg2 h6 27. h4 g6 28.
Qf3 Kg7 29. Re1 Nd5 30. Nxd5 Rxd5 31. Rb2 Re6 32. Kg2 Rf6 33. Qe4 Re5 34. Qb7
Qe6 35. Kg1 Re3 36. fxe3 Qxe3+ 37. Kh2 Qf2+ 38. Qg2 Qxe1 0-1

[Event "XII Festival Magistrale"]
[Site "Celle Ligure ITA"]
[Date "1997.03.??"]
[Round "4"]
[White "Lovati, Paolo"]
[Black "Quagliarella, Sabino Remo"]
[WhiteElo "1981"]
[BlackElo "1934"]
[Result "1/2-1/2"]
[PlyCount "90"]
[EventDate "1997.03.22"]

1. Nf3 d5 2. g3 c5 3. Bg2 Nc6 4. O-O Nf6 5. d3 e6 6. Nbd2 Be7 7. b3 O-O 8. Bb2
Qc7 9. c4 Bd7 10. cxd5 exd5 11. d4 cxd4 12. Nxd4 Qb6 13. e3 Rac8 14. Nxc6 Bxc6
15. Nf3 Bb5 16. Re1 Bb4 17. Bd4 Qa6 18. a4 Bxe1 19. axb5 Bxf2+ 20. Kxf2 Ne4+
21. Kg1 Qxb5 22. Bf1 Qc6 23. Ne5 Qc2 24. Qxc2 Rxc2 25. Nd3 Ng5 26. Bg2 Rd2 27.
Nb4 Rc8 28. Nxd5 Rcc2 29. Nf4 a6 30. h4 Ne6 31. Be4 Nxd4 32. exd4 Rc7 33. d5 h6
34. Rb1 Kf8 35. Nh3 Rc3 36. Nf2 Rxg3+ 37. Kf1 Re3 38. Bh1 Ree2 39. Ne4 Rb2 40.
Rd1 Rh2 41. Kg1 Rxh4 42. d6 Rg4+ 43. Kf1 Rf4+ 44. Kg1 Rg4+ 45. Kf1 Rf4+ 1/2-1/2

[Event "XII Festival Magistrale"]
[Site "Celle Ligure ITA"]
[Date "1997.03.??"]
[Round "4"]
[White "Lovric, Branko"]
[Black "Podini, Francesco"]
[WhiteElo "2370"]
[BlackElo "2010"]
[Result "1-0"]
[PlyCount "61"]
[EventDate "1997.03.22"]

1. b3 e6 2. Bb2 b6 3. e3 Bb7 4. f4 Nf6 5. Nf3 Be7 6. Rg1 O-O 7. g4 Ne8 8. g5 f5
9. Na3 c5 10. Rg3 a6 11. Rh3 g6 12. Nc4 Ng7 13. a4 Bxf3 14. Qxf3 Nc6 15. Be2 d5
16. Rh6 Kf7 17. Rxh7 Rg8 18. h4 Kf8 19. Ne5 Nxe5 20. Bxe5 Bd6 21. Bf6 Be7 22.
Be5 Bd6 23. Bf6 Be7 24. Bb2 Qe8 25. Be5 Qd8 26. Rh6 Kf7 27. h5 Nxh5 28. Rxh5
gxh5 29. Qxh5+ Kf8 30. Qh6+ Ke8 31. Qxe6 1-0

[Event "XII Festival Magistrale"]
[Site "Celle Ligure ITA"]
[Date "1997.03.??"]
[Round "4"]
[White "Mordiglia, Riccardo"]
[Black "Guido, Flavio"]
[WhiteElo "2105"]
[BlackElo "2300"]
[Result "0-1"]
[PlyCount "48"]
[EventDate "1997.03.22"]

1. d4 f5 2. e4 fxe4 3. Nc3 Nf6 4. f3 d5 5. fxe4 dxe4 6. Bg5 Bf5 7. Bc4 e6 8.
Nge2 Be7 9. O-O Nc6 10. h3 Qd7 11. Bxf6 Bxf6 12. d5 Na5 13. Bb5 c6 14. dxc6
bxc6 15. Qxd7+ Kxd7 16. Ba6 Rab8 17. Rab1 Rb6 18. b4 Rxa6 19. bxa5 Kc7 20. Rb4
Rb8 21. Rfb1 Rxb4 22. Rxb4 Rxa5 23. a4 e3 24. Ne4 Rd5 0-1

[Event "XII Festival Magistrale"]
[Site "Celle Ligure ITA"]
[Date "1997.03.??"]
[Round "4"]
[White "Tabernig, Bernhard"]
[Black "Lanzani, Mario"]
[WhiteElo "2275"]
[BlackElo "2370"]
[Result "1/2-1/2"]
[PlyCount "45"]
[EventDate "1997.03.22"]

1. d4 d5 2. c4 e6 3. Nc3 c5 4. cxd5 exd5 5. Nf3 Nc6 6. g3 Nf6 7. Bg2 Be7 8. O-O
O-O 9. Bg5 cxd4 10. Nxd4 h6 11. Bf4 Qb6 12. Nxc6 bxc6 13. Na4 Qa5 14. Qc2 Bg4
15. Rac1 Rac8 16. a3 c5 17. Be5 Bd7 18. Nc3 d4 19. Nd5 Nxd5 20. Bxd5 Qb6 21.
Qe4 Bf6 22. Bxf6 Qxf6 23. Qc2 1/2-1/2

[Event "XII Festival Magistrale"]
[Site "Celle Ligure ITA"]
[Date "1997.03.??"]
[Round "4"]
[White "Tortarolo, Massimiliano"]
[Black "Rosin, Federico"]
[WhiteElo "2260"]
[BlackElo "1884"]
[Result "0-1"]
[PlyCount "94"]
[EventDate "1997.03.22"]

1. d4 Nf6 2. Bg5 c5 3. dxc5 Na6 4. Nc3 Nxc5 5. f3 Qb6 6. Rb1 g6 7. e4 Bg7 8.
Nge2 Ne6 9. Bh4 d6 10. Qd2 Nc7 11. Bf2 Qa5 12. b4 Qe5 13. Bd4 Qe6 14. Nf4 Qd7
15. Nfd5 O-O 16. Nxf6+ Bxf6 17. Bxf6 exf6 18. Be2 Qc6 19. O-O Be6 20. Rfd1 Rfd8
21. Nd5 Bxd5 22. exd5 Qb6+ 23. Kf1 Na6 24. Qd4 Qc7 25. c4 Qe7 26. Kf2 Nc7 27.
Bf1 Qe5 28. f4 Qh5 29. Be2 Qh4+ 30. Kg1 f5 31. Bf3 b6 32. g3 Qe7 33. Re1 Qd7
34. h4 h5 35. a3 Na6 36. Bd1 Re8 37. Bc2 Re7 38. Rxe7 Qxe7 39. Ba4 Qe2 40. Bb5
Nc7 41. Bc6 Rd8 42. Qc3 b5 43. Re1 Qxc4 44. Qxc4 bxc4 45. Re7 Rc8 46. Bb7 Kf8
47. Rd7 c3 0-1

[Event "XII Festival Magistrale"]
[Site "Celle Ligure ITA"]
[Date "1997.03.??"]
[Round "4"]
[White "Vujovic, Milorad"]
[Black "Scotti, Umberto"]
[WhiteElo "2255"]
[BlackElo "2130"]
[Result "1-0"]
[PlyCount "91"]
[EventDate "1997.03.22"]

1. e4 e6 2. Qe2 Be7 3. Nf3 d5 4. d3 c5 5. g3 Nc6 6. Bg2 Nf6 7. O-O O-O 8. Re1
b5 9. a4 b4 10. b3 a5 11. Bb2 Ba6 12. Nbd2 Rc8 13. Qe3 Qc7 14. Rac1 Rfe8 15.
Bxf6 Bxf6 16. exd5 Nd4 17. Nxd4 Bxd4 18. Qe2 Qd7 19. Qg4 f5 20. dxe6 Rxe6 21.
Qf3 Rxe1+ 22. Rxe1 Bc3 23. Re2 g6 24. Nf1 Bd4 25. h3 Kg7 26. Nh2 Re8 27. Kf1
Bc8 28. Rxe8 Qxe8 29. Qa8 f4 30. gxf4 Qd8 31. Nf3 Qc7 32. Ne5 Be6 33. Qe4 Bf5
34. Qd5 h5 35. h4 Kf6 36. Qc6+ Qxc6 37. Nxc6 Bg4 38. Be4 Bd1 39. Nxa5 Bxc2 40.
Ke2 c4 41. Nxc4 Bxb3 42. a5 Ba4 43. Nb6 Bb5 44. Nd5+ Kf7 45. Nxb4 Bc3 46. a6
1-0